000 00666 a2200265 4500
260 _aParis
630 _a659 - Publicité. Relations publiques
037 _b1, Achat
650 _a6 - SCIENCES APPLIQUEES
100 _aGreffe, Pierre
700 _aGreffe, François
260 _bEditions Litec
245 _aLa publicité et la loi en droit français, Union européene et Suisse
300 _a1021 p.
650 _aPublicité // Droit
650 _aDroit // Publicité
260 _c1995
300 _b25cm
100 _lFr
037 _aDe 8287
700 _apréf., Bille, Jacques
020 _a2-7111-2436-3
999 _c41887
_d41887